LEADER 01258nam 2200397 450 001 9910480934903321 010 $a1-5275-1457-9 035 $a(CKB)4100000005599245 035 $a(MiAaPQ)EBC5477620 035 $a(EXLCZ)994100000005599245 100 $a20180905d2018 uy 0 101 0 $aeng 135 $aurcnu|||||||| 181 $ctxt$2rdacontent 182 $cc$2rdamedia 183 $acr$2rdacarrier 200 00$aFormal methods in architecture and urbanism /$fedited by David Leite Viana, Franklim Morais and Jorge Vieira Vaz 210 1$aNewcastle upon Tyne, UK :$cCambridge Scholars Publishing,$d2018. 215 $a1 online resource (405 pages) 311 $a1-5275-0762-9 606 $aArchitecture$xData processing 606 $aFormal methods (Computer science) 608 $aElectronic books. 615 0$aArchitecture$xData processing. 615 0$aFormal methods (Computer science) 676 $a720.28402855369 702 $aViana$b David Leite 702 $aMorais$b Franklim 702 $aVaz$b Jorge Vieira 801 0$bMiAaPQ 801 1$bMiAaPQ 801 2$bMiAaPQ 906 $aBOOK 912 $a9910480934903321 996 $aFormal methods in architecture and urbanism$91938727 997 $aUNINA LEADER 01983oam 2200613Ia 450 001 9910700183103321 005 20110216151930.0 035 $a(CKB)5470000002407132 035 $a(OCoLC)702151390 035 $a(EXLCZ)995470000002407132 100 $a20110216d1985 ua 0 101 0 $aeng 135 $aurbn||||||||| 181 $ctxt$2rdacontent 182 $cc$2rdamedia 183 $acr$2rdacarrier 200 14$aThe structure of dilute combusting sprays$b[electronic resource] /$fJ.-S. Shuen, A. S. P. Solomon and G. M. Faeth 210 1$aUniversity Park, Pa. :$cPennsylvania State University,$d[1985] 215 $a1 online resource (v, 117 pages) $cdigital, PDF file 225 1 $aNASA contractor report ;$v174838 300 $aTitle from title screen (viewed Feb. 15, 2011). 300 $a"January 1985." 300 $aPrepared for National Aeronautics and Space Administration, Lewis Research Center under grant NAG3-190. 320 $aIncludes bibliographical references (pages 113-117). 606 $aCombustion$2nasat 606 $aCombustion chambers$2nasat 606 $aDiffusion$2nasat 606 $aDrops (liquids)$2nasat 606 $aFlames$2nasat 606 $aMethane$2nasat 606 $aSeparated flow$2nasat 606 $aSprayers$2nasat 606 $aTurbulence$2nasat 615 7$aCombustion. 615 7$aCombustion chambers. 615 7$aDiffusion. 615 7$aDrops (liquids) 615 7$aFlames. 615 7$aMethane. 615 7$aSeparated flow. 615 7$aSprayers. 615 7$aTurbulence. 700 $aShuen$b J.-S$01396172 701 $aSolomon$b A. S. P$01414011 701 $aFaeth$b G. M$01423036 712 02$aPennsylvania State University. 712 02$aLewis Research Center. 801 0$bGPO 801 1$bGPO 801 2$bGPO 906 $aBOOK 912 $a9910700183103321 996 $aThe structure of dilute combusting sprays$93549193 997 $aUNINA LEADER 01893oam 2200505M 450 001 9910716513703321 005 20210706141451.0 035 $a(CKB)5470000002523022 035 $a(OCoLC)1065827740 035 $a(OCoLC)995470000002523022 035 $a(EXLCZ)995470000002523022 100 $a20071213d1926 ua 0 101 0 $aeng 135 $aurcn||||||||| 181 $ctxt$2rdacontent 182 $cc$2rdamedia 183 $acr$2rdacarrier 200 10$aBridge across Lake Washington in the State of Washington. June 23 (calendar day, June 29), 1926. -- Ordered to be printed 210 1$a[Washington, D.C.] :$c[U.S. Government Printing Office],$d1926. 215 $a1 online resource (3 pages) 225 1 $aSenate report / 69th Congress, 1st session. Senate ;$vno. 1167 225 1 $a[United States congressional serial set] ;$v[serial no. 8526] 300 $aBatch processed record: Metadata reviewed, not verified. Some fields updated by batch processes. 300 $aFDLP item number not assigned. 517 $aBridge across Lake Washington in the State of Washington. June 23 606 $aBridge construction industry 606 $aBridges$xDesign and construction 606 $aBridges 606 $aLegislative amendments 606 $aToll bridges 608 $aLegislative materials.$2lcgft 615 0$aBridge construction industry. 615 0$aBridges$xDesign and construction. 615 0$aBridges. 615 0$aLegislative amendments. 615 0$aToll bridges. 701 $aBingham$b Hiram$f1875-1956$pRepublican (CT)$0463205 801 0$bWYU 801 1$bWYU 801 2$bOCLCO 801 2$bOCLCQ 906 $aBOOK 912 $a9910716513703321 996 $aBridge across Lake Washington in the State of Washington. June 23 (calendar day, June 29), 1926. -- Ordered to be printed$93526123 997 $aUNINA